00574nam a2200205 a 4500001001300000003000900013005001700022008004100039020002300080082001500103100002400118245005700142260005500199300000900254500003500263505001000298650001600308650002000324700002400344nice12345678IN_TiNIC20260116013808.0050524s1983 newa grp 000 0 eng  a0873955 c10000a297.4bCHI aChittick, William C aSufi Path of Loveb the Spiritual Teaching S of Rumi aNew YorkbState University of New York Pressc1983 a374p aincludes index and biblioraphy2 aIndex aSufism-Rumi aRumi-Jalaluddin1 aChittick, William C